000 00704nam a2200289Ia 4500
005 20260324133007.0
008 008 260324s9999 xx 000 0 eng d
020 _a9780203309056
037 _aEBOOK
040 _aCRL
040 _beng
040 _cCRL
041 _2eng
041 _aeng
084 _qCRL
100 _aBehcet Kemal Yesilbursa
_91191401
245 4 _aThe Baghdad Pact
245 0 _bAnglo-American Defence Policies in the Middle East, 1950-59
260 _bTaylor and Francis
260 _c2004
365 _a
365 _b300
856 _uhttp://www.taylorfrancis.com/books/9780203309056
942 _cEBOOK
999 _c1790026
_d1790026